Statistics for How Many Times Can You Type CHINA in 15 Seconds?-Country Keystrokes

Click here to take the quiz!

General Stats

  • This quiz has been taken 161 times
  • The average score is 47 of 60

Answer Stats

Letter% Correct
C
100%
H
99%
I
96%
A
93%
N
93%
C
90%
H
90%
I
90%
N
90%
A
88%
A
88%
C
88%
H
88%
I
88%
N
88%
C
87%
A
85%
H
85%
I
85%
N
85%
C
84%
H
84%
I
84%
A
82%
A
82%
C
82%
H
82%
I
82%
N
82%
N
82%
C
81%
H
81%
I
81%
N
79%
A
78%
C
78%
H
78%
I
78%
A
76%
N
76%
A
71%
C
71%
H
71%
I
71%
N
71%
A
69%
C
69%
H
69%
I
69%
C
68%
N
68%
H
66%
I
65%
N
65%
A
63%
C
60%
H
59%
A
57%
I
57%
N
57%

Score Distribution

Percentile by Number Answered

Percent of People with Each Score

Your Score History

You have not taken this quiz